| 000 -LEADER |
| fixed length control field |
01494cam a22004097i 4500 |
| 003 - CONTROL NUMBER IDENTIFIER |
| control field |
OSt |
| 005 - DATE AND TIME OF LATEST TRANSACTION |
| control field |
20201015135652.0 |
| 008 - FIXED-LENGTH DATA ELEMENTS--GENERAL INFORMATION |
| fixed length control field |
151106s2011 onca j 001 0 eng |
| 016 ## - NATIONAL BIBLIOGRAPHIC AGENCY CONTROL NUMBER |
| Record control number |
20119000857 |
| 020 ## - INTERNATIONAL STANDARD BOOK NUMBER |
| International Standard Book Number |
9781554534678 (hbk.) |
| 020 ## - INTERNATIONAL STANDARD BOOK NUMBER |
| International Standard Book Number |
1554534674 (hbk.) |
| 035 ## - SYSTEM CONTROL NUMBER |
| System control number |
(OCoLC)ocn695980794 |
| 042 ## - AUTHENTICATION CODE |
| Authentication code |
lccopycat |
| 050 00 - LIBRARY OF CONGRESS CALL NUMBER |
| Classification number |
T173.8 |
| Item number |
L44 2011 |
| 055 #0 - CLASSIFICATION NUMBERS ASSIGNED IN CANADA |
| Classification number |
T173.8 |
| Item number |
L44 2011 |
| 055 00 - CLASSIFICATION NUMBERS ASSIGNED IN CANADA |
| Classification number |
T173 .8 |
| Item number |
L44 2011 fol. |
| 082 04 - DEWEY DECIMAL CLASSIFICATION NUMBER |
| Classification number |
j608 |
| Edition number |
23 |
| Item number |
LEE |
| 100 1# - MAIN ENTRY--PERSONAL NAME |
| Personal name |
Lee, Dora, |
| Dates associated with a name |
1968- |
| Relator term |
author. |
| 245 10 - TITLE STATEMENT |
| Title |
Biomimicry / |
| Statement of responsibility, etc |
written by Dora Lee ; illustrated by Margot Thompson. |
| 246 1# - VARYING FORM OF TITLE |
| Display text |
Subtitle on cover: |
| Title proper/short title |
Inventions inspired by nature |
| 300 ## - PHYSICAL DESCRIPTION |
| Extent |
40 pages : |
| Other physical details |
color illustrations ; |
| Dimensions |
31 cm |
| 500 ## - GENERAL NOTE |
| General note |
"The artwork in this book was rendered in acrylic on canvas"--Title page verso. |
| 500 ## - GENERAL NOTE |
| General note |
Includes index. |
| 520 ## - SUMMARY, ETC. |
| Summary, etc |
Contains descriptions of technological innovations inspired by things found in the natural world. |
| 521 8# - TARGET AUDIENCE NOTE |
| Target audience note |
1110 |
| Source |
Lexile |
| 586 ## - AWARDS NOTE |
| Awards note |
Outstanding Science Trade Books for Students K-12, 2012 |
| 650 #0 - SUBJECT ADDED ENTRY--TOPICAL TERM |
| Topical term or geographic name as entry element |
Biomimicry |
| Form subdivision |
Juvenile literature. |
| 650 #0 - SUBJECT ADDED ENTRY--TOPICAL TERM |
| Topical term or geographic name as entry element |
Technological innovations |
| Form subdivision |
Juvenile literature. |
| 650 #1 - SUBJECT ADDED ENTRY--TOPICAL TERM |
| Topical term or geographic name as entry element |
Biomimicry. |
| 650 #1 - SUBJECT ADDED ENTRY--TOPICAL TERM |
| Topical term or geographic name as entry element |
Technological innovations. |
| 650 #6 - SUBJECT ADDED ENTRY--TOPICAL TERM |
| Topical term or geographic name as entry element |
Bionique |
| Form subdivision |
Ouvrages pour la jeunesse. |
| 650 #6 - SUBJECT ADDED ENTRY--TOPICAL TERM |
| Topical term or geographic name as entry element |
Innovations |
| Form subdivision |
Ouvrages pour la jeunesse. |
| 650 #7 - SUBJECT ADDED ENTRY--TOPICAL TERM |
| Topical term or geographic name as entry element |
Engineering. |
| Source of heading or term |
sears |
| 650 #7 - SUBJECT ADDED ENTRY--TOPICAL TERM |
| Topical term or geographic name as entry element |
Technological innovations. |
| Source of heading or term |
sears |
| 700 1# - ADDED ENTRY--PERSONAL NAME |
| Personal name |
Thompson, Margot, |
| Dates associated with a name |
1965- |
| Relator term |
illustrator. |
| 942 ## - ADDED ENTRY ELEMENTS (KOHA) |
| Source of classification or shelving scheme |
|